Estimez la population de ces villes françaises n°1 - Statistiques

Statistiques générales
  • Ce quiz a été pris 110 fois
  • Le résultat moyen est 6 sur 15
Statistiques - réponses
Question Réponse % Correct
Paris 2 133 000
75%
Lille 237 000
63%
Strasbourg 291 000
63%
Toulouse 504 000
63%
Le Mans 145 000
50%
Reims 179 000
50%
Rennes 225 000
38%
Nantes 323 000
38%
Rouen 114 000
25%
Amiens 134 000
25%
Grenoble 157 000
25%
Bordeaux 262 000
25%
Lyon 522 000
25%
Nancy 104 000
13%
Saint-Etienne 173 000
13%
Aucun quiz correspondant
Distribution des résultats
% des personnes avec chaque résultat
Percentile par nombre de réponses
Votre historique - résultats
Vous n’avez pas pris ce quiz